Preliminary proof clone trial of ortet clones from Brazil (Record no. 65502)

MARC details
000 -LEADER
fixed length control field 00658nam a2200205Ia 4500
100 ## - MAIN ENTRY--AUTHOR NAME
Personal name Suravanit Rasamee
245 #0 - TITLE STATEMENT
Title Preliminary proof clone trial of ortet clones from Brazil
260 ## - PUBLICATION, DISTRIBUTION, ETC. (IMPRINT)
Name of publisher Preprints of Papers. International Natural Rubber Conference 13-14 November 2006, Vietnam, pp.285-290.
650 ## - SUBJECT ADDED ENTRY--TOPICAL TERM
Topical Term Brazil
650 ## - SUBJECT ADDED ENTRY--TOPICAL TERM
Topical Term Ortet clones
650 ## - SUBJECT ADDED ENTRY--TOPICAL TERM
Topical Term Preliminary proof clone trial
700 ## - ADDED ENTRY--PERSONAL NAME
Personal name Damrikhemtrakul Wiparat
700 ## - ADDED ENTRY--PERSONAL NAME
Personal name Prommee Wittaya
700 ## - ADDED ENTRY--PERSONAL NAME
Personal name Prukwiwat Wanpen
700 ## - ADDED ENTRY--PERSONAL NAME
Personal name Rodesujit Arom
700 ## - ADDED ENTRY--PERSONAL NAME
Personal name Sangsing Krissada
700 ## - ADDED ENTRY--PERSONAL NAME
Personal name Tan-Apiiom Verapong
942 ## - ADDED ENTRY ELEMENTS (KOHA)
Koha item type Journals
Holdings
Withdrawn status Lost status Damaged status Not for loan Home library Current library Shelving location Date acquired Koha item type
      Journals RRII Library RRII Library Botany 01/01/2021 Journals